Statistics for The Data Quiz (Star Trek: The Next Generation)

Click here to take the quiz!

General Stats

  • This quiz has been taken 452 times
  • The average score is 12 of 25

Answer Stats

HintAnswer% Correct
Data's "evil brother"?Lore
97%
Actor who portrayed Data?Brent Spiner
94%
Name of his cat?Spot
94%
Data's creator?Dr. Noonian Soong
87%
Person who defended Data at the trial for the above?Cpt. Picard
86%
Fictional detective Data emulates on the Holodeck?Sherlock Holmes
82%
Crew member he had a relationship with in "The Naked Now"?Natasha Yar
77%
Person he pushed in the water at Worf's promotion ceremony?Beverly Crusher
66%
Part of human speech he was incapable of using?Contractions
65%
Movie where Data implants the emotion chip permanently?Generations
64%
Data's "daughter" android he built?Lal
60%
Command he implanted in the Borg as they approached Earth?Sleep
55%
Data's prototype discovered in "Nemesis"?B-4
54%
City an 18th century version of his head was discovered in?San Francisco
54%
Data's last word?Goodbye
33%
Nickname given to him by Riker early in the series?Pinocchio
32%
Song he sang at Riker and Troi's wedding?Blue Skies
26%
Commander who ordered Data to be dismantled for testing?Bruce Maddox
25%
Ship on which Data dies?Scimitar
20%
Person who captured Data to add to his "collection" of rare objects?Kivas Fajo
18%
Planet he was discovered on?Omicron Theta
18%
Ship he commanded during the Klingon Civil War?USS Sutherland
13%
Two subjects graduated with honors in from Starfleet Academy?Exobiology
10%
Probability Mechanics
7%
First ship he was assigned to?USS Trieste
3%

Score Distribution

Percentile by Number Answered

Percent of People with Each Score

Your Score History

You have not taken this quiz